Stored grain pests and their management (Record no. 13934)
[ view plain ]
| 000 -LEADER | |
|---|---|
| fixed length control field | 00270nam a22001097a 4500 |
| 020 ## - INTERNATIONAL STANDARD BOOK NUMBER | |
| ISBN | 9788127267407 |
| 082 ## - DEWEY DECIMAL CLASSIFICATION NUMBER | |
| Classification number | 633.081 |
| Item number | KHA/ST |
| 100 ## - MAIN ENTRY--AUTHOR NAME | |
| Personal name | Khare, b.P |
| 245 ## - TITLE STATEMENT | |
| Title | Stored grain pests and their management |
| 260 ## - PUBLICATION, DISTRIBUTION, ETC. (IMPRINT) | |
| Place of publication | Ludhiana |
| Name of publisher | Kalyani Publishers |
| Year of publication | 2011 |
| 942 ## - ADDED ENTRY ELEMENTS (KOHA) | |
| Koha item type | Books |
| Withdrawn status | Lost status | Damaged status | Collection code | Home library | Current library | Shelving location | Date acquired | Source of acquisition | Cost, normal purchase price | Full call number | Accession Number | Koha item type |
|---|---|---|---|---|---|---|---|---|---|---|---|---|
| Non-fiction | KAUAET | KAUAET | General Stacks | 30/03/2013 | Minerva Books | 200.00 | 633.081 KHA/ST | 23792 | Books |
